1589 1109 1472 1763 1928 1488 1288 1052 1635 1359 1624 1608 1801 1532 1457 1265 1453 1218 1161 1273 1747 1397 1184 1809 1447 1795 1425 1865 1611 1898 1783 1114 1538 1159 1313 1788 1193 1096 1635 1197 1073 1152 1394 1725 1414 1072 1786 1432 1520 1023 1023 1895 1997 1596 1897 1713 1786 1469 1883 1184 1816 1493 1445 1927 1517 1799 1762 1758 1684 1388 1146 1550 1967 1112 1212 1144 1554 1631 1563 1964 1508 1620 1454 1026 1731 1719 1516 1811 1287 1331 1218 1529 1113 1771 1717 1756 1495 1493 1753 BCNSPRNW ULIB Ver.6.0+V

เปลี่ยนเป็นภาษาไทย

Change to English
 แสดงรายละเอียดบรรณานุกรม
  กลับหน้าหลัก

Brief Record : Get Marc (ISO 2709) : E-mail record : QR code < ปิดหน้าต่าง
LEADER : 00000nam a2200000 a 4500
001    13399113732
003     ULIB
008    110322s2553 th a 000 0 tha d
020    ^a9789742556808
050  4 QH308.2^bช728ช ล1
100 0  เชาวน์ ชิโนรักษ์
245 10 ชีววิทยา 1 /^cเชาวน์ ชิโนรักษ์, พรรณี ชิโนรักษ์
250    พิมพ์รวมเล่ม
260    กรุงเทพฯ :^bบูรพาสาส์น,^c2552
300    687 หน้า :^bภาพประกอบ ;^c26 ซม.
650  7 ชีววิทยา
650  7 วิทยาศาสตร์ชีวภาพ
700 0  พรรณี ชิโนรักษ์
945    ^p300^l0^i030838
995    ทศพร
999 ^a ใช้งานได้ทุกระบบ
รายการนี้ยังไม่มีแท็ก
คุณยังไม่ได้ล็อกอิน คุณสามารถมีกิจกรรมร่วมกับเว็บไซต์ได้ แต่ต้องล็อกอินก่อน ::
  ล็อกอิน

รายการสื่อสารสนเทศ

ลำดับที่ ประเภท เลขเรียก/บาร์โค้ด สถานที่ สถานะ
- ไม่พบข้อมูล -

รายการใกล้เคียง
    ผู้แต่ง [เชาวน์ ชิโนรักษ์]

    หัวเรื่อง [ชีววิทยา]
    หัวเรื่อง [วิทยาศาสตร์ชีวภาพ]

BibComment


ยังไม่เคยถูกคอมเมนท์

คอมเมนท์ทรัพยากรรายการนี้
  คอมเมนท์: ชีววิทยา 1 เชาวน..


 Copyright 2026. Bcnsprnw @Library